000 00423cam a22001814a 4500
005 20250605164115.0
008 250528s ||||||||||||||||||||||||d
035 _a18033
040 _aGR-AtMCL
_bgre
_dGR-AtMCL
_eAACR2
245 1 _aΟΙ ΣΧΟΛΑΣΤΙΚΟΙ
250 _a1
300 _a167
700 1 _aRussell Bertrand
_94331
942 _cBK
260 _bΑρσενιδης
999 _c3425
_d3425